Landscape vocabulary (Record no. 80606)

MARC details
000 -LEADER
fixed length control field 00574nam a2200145 a 4500
008 - FIXED-LENGTH DATA ELEMENTS--GENERAL INFORMATION
fixed length control field 120416s1964 ||||||||||||||||| || u
050 ## - LIBRARY OF CONGRESS CALL NUMBER
Classification number SB 476 Mar
100 ## - MAIN ENTRY--PERSONAL NAME
Personal name Marsh, Warner L
245 10 - TITLE STATEMENT
Title Landscape vocabulary
260 ## - PUBLICATION, DISTRIBUTION, ETC.
Place of publication, distribution, etc. Los Angeles
Name of publisher, distributor, etc. Miramar Pub
Date of publication, distribution, etc. 1964
300 ## - PHYSICAL DESCRIPTION
Extent 316p. : ill
350 ## -
-- 0.00
995 ## -
-- REFERENCE BOOKS
-- 0.00
-- 719458
-- CBU-MAIN LIBRARY (Kitwe)
-- 1
-- 8.00
-- SB 476 Mar
-- 1
-- REFERENCE
-- 023180
-- Reference Collection
995 ## -
-- REFERENCE BOOKS
-- 0.00
-- 719459
-- CBU-MAIN LIBRARY (Kitwe)
-- 2
-- 8.00
-- SB 476 Mar
-- 2
-- REFERENCE
-- 023181
-- Reference Collection
999 ## -
-- 80606
-- 80606
Holdings
Withdrawn status Lost status Source of classification or shelving scheme Damaged status Not for loan Permanent Location Current Location Shelving location Date acquired Total Checkouts Full call number Barcode Date last seen Copy number Price effective from Koha item type
          CBU-MAIN LIBRARY, KITWE. CBU-MAIN LIBRARY, KITWE.   06/30/2023   SB 476 Mar 023180 06/30/2023 1 06/30/2023 REFERENCE COLLECTION
          CBU-MAIN LIBRARY, KITWE. CBU-MAIN LIBRARY, KITWE.   06/30/2023   SB 476 Mar 023181 06/30/2023 2 06/30/2023 REFERENCE COLLECTION